Meaning in language: an introduction to semantics and pragmatics

Պահպանված է:
Մատենագիտական մանրամասներ
Հիմնական հեղինակ: Cruse, Alan (Հեղինակ)
Ձևաչափ: Գիրք
Լեզու:անգլերեն
Հրապարակվել է: Oxford Oxford University 2004
Հրատարակություն:2a. ed
Շարք:Oxford Textbooks in Linguistics
Խորագրեր:
Ցուցիչներ: Ավելացրեք ցուցիչ
Չկան պիտակներ, Եղեք առաջինը, ով նշում է այս գրառումը!

MARC

LEADER 00000nam a2200000 a 4500
001 UCK3658
003 CL-VaPUC
008 050506e20040000UK |||||||||||||||||eng|d
020 |a 019926306X 
082 0 4 |a 401.41  |b CRU  |2 21 
100 0 |a Cruse, Alan  |e author  |9 491860 
245 1 0 |a Meaning in language: an introduction to semantics and pragmatics 
250 |a 2a. ed 
300 |a 441 p 
942 |c BK 
945 |d 20050506 00:00:00  |a cmena 
260 |a Oxford  |b Oxford University  |c 2004 
650 0 |a Semiótica  |9 265317 
650 0 |a Semántica  |9 265318 
650 0 |a Lingüística  |9 265068 
650 0 |a Gramática  |9 270497 
583 |a last modification  |c 20050506 00:00:00  |k Rodrigo Vera 
490 0 |a Oxford Textbooks in Linguistics 
999 |c 312776  |d 312774 
952 |0 0  |1 0  |4 0  |6 401_410000000000000_CRU_2004  |7 0  |8 A  |9 383605  |a FDOPOS  |b FDOPOS  |d 2019-11-21  |i 4117255  |o 401.41 CRU 2004  |p 4117255  |r 2025-01-22  |w 2019-11-21  |y BK  |k MLA